Política brasileira 2 - Statistics

Estatísticas Gerais
  • Esse quiz foi jogado 118 vezes
  • A pontuação média é 12 de 20
Estatísticas das Respostas
Questão Resposta % Correto
O governo FHC (1995-2003) foi marcado pela consolidação de: Consolidação do Real, privatizações das estatais e aprovação da reeleição.
90%
Sem apresentar provas de comprovação, o presidente Jair Bolsonaro trouxe como solução para o combate a pandemia de COVID-19 um remédio até então pouco conhecido. Qual é o nome do remédio Cloroquina e Ivermectina
86%
O resultado da votação na Câmara de deputados para o Impeachment de Dilma Rousseff teve qual resultado? (sem contar abstenções e ausências) 367 x 137 (a favor da retirada da presidenta)
81%
Uma regra poucas vezes posta na prática é a de que, se em caso de empate em uma eleição, o candidato mais velho leva. Verdade ou Mentira? Verdade
77%
A política externa do Governo Bolsonaro (2019-2023) foi caracterizada como a mais radical da Nova República (1985-). Dentre exemplos de países alinhados a ideologia e interesses de Bolsonaro pode-se citar EUA ( Donald Trump), Hungria (Viktor Orbán) e Israel (Benjamin Netanyahu)
76%
A vitória para um terceiro mandato não seguido de Lula foi um feito inédito na história do Brasil. De certa maneira, assemelha-se com o ressurgimento político de outra figura importante do passado nacional. A qual contexto me refiro? O ressurgimento de Getúlio Vargas ao teatro político na eleição de 1950, após ser "convidado" a renunciar em 1945.
76%
O presidente Bolsonaro, no início de seu mandato, envolveu-se em uma briga diplomática após zombar da aparência da esposa do presidente francês Macron. Verdade ou Mentira? Verdade
73%
A Fake News que marcou a eleição de 2018 foi Mamadeiras de Pirocas e Kit-Gay distribuídos pelo MEC
71%
Caracterizado pelo esforço em falar com um maior contingente de países do Terceiro Mundo, as relações internacionais do Governo Lula (2003-2011) foram um dos principais marcos da administração. Exemplos de países considerados próximos a agenda internacional de Lula são Argentina (Kirchner´s), Venezuela (Chavez) e Bolívia (Evo Morales)
67%
A eleição presidencial de 2022 marcou a mais apertada disputa da República para o cargo máximo do poder executivo. Os três candidatos mais votados no primeiro turno foram quais? Lula (48,4%), Bolsonaro (43,2% e Simone Tebet (4,16%)
63%
Quais desses NÃO foi ministro durante o Governo Bolsonaro (2019-2023)? Alexandre Frota
56%
A sucessora política de Lula foi Dilma Rousseff, que venceu a eleição de 2010. O governo da primeira mulher chegar ao executivo foi abalado por uma manifestação popular que derreteu sua alta popularidade. O fato descrito refere-se as Jornadas de Junho
53%
Aécio Neves, neto do ex-presidente Tancredo Neves e candidato do PSDB a eleição presidencial de 2014, perdeu a disputa para a presidente Dilma por a menor margem até então. Sua reação após a derrota foi qual? No decorrer dos meses seguintes, questionou o resultado.
51%
Durante a eleição da prefeitura de São Paulo em 2000, houve a candidatura de também diversos candidatos, digamos, incomuns pro pleito. Alguns exemplos deles são: Enéas Carneiro, Fernand Collor e Geraldo Alckmin
50%
Candidato tratado de forma cômica, ex-petista, atrelado ao PSOL e um dos concorrentes a vaga de presidente da República de 2010. Estamos falando de Plínio de Arruda
50%
A disputa pelo governo de São Paulo de 1998 foi uma das mais icônicas da política paulista. A disputa no segundo turno ficou entre quais candidatos? Paulo Maluf e Mario Covas
49%
Na eleição de 1989, houve a candidatura de inúmeros políticos de variadas ideologias. Dentre eles, havia o ex-vice-presidente de um dos governos da Ditadura Militar. Qual era o seu nome? Aureliano Chaves
47%
Em decorrência da alta popularidade do Governo Lula (2003-2011), houve conversas nos bastidores de Brasília sobre uma PEC polêmica e até foi proposta ao presidente. Lula a rechaçou por violar valores democráticos. No que consistia esse projeto? Aprovação de uma tentativa para um terceiro mandato.
41%
O presidente Fernando Henrique Cardoso (1931-) indicou a primeira ministra do STF mulher da sua história no ano 2000. Fato histórico em uma instituição tão masculina e elitista durante seus mais de 100 anos de história. Qual era o nome da ministra? Ellen Gracie
37%
Silvio Santos foi candidato a presidência em 1989. Verdade ou Mentira? Mentira
31%
Nenhum quiz correspondente encontrado
Distribuição das Pontuações
Porcentagem de Pessoas com Cada Pontuação
Percentil de Números Respondidos
Sua Pontuação Histórica
Você não jogou esse quiz